000 00473nam a2200181Ia 4500
003 LK-CoDNM
008 010623t2006 xxu||||| |||| 00| 1 sin d
040 _aLK-CoDNM
_dLK-CoDNM
_eLK-CoDNM
041 _asin
080 _a796.323
_bWIJ
100 _aWijenayaka, W.M.Athula
245 _aනෙටිබෝල් නීතිරීති
246 _aNetball nithirithi
260 _bS.Godage
_aColombo
_c2006
300 _b64, 22 cm
650 _aSports
942 _cBK
999 _c125820
_d125820